[Event "RUS-ch 53rd"]
[Site "Samara"]
[Date "2000.06.19"]
[Round "3"]
[White "Bezgodov, Alexei"]
[Black "Smirnov, Pavel"]
[Result "1/2-1/2"]
[WhiteElo "2576"]
[BlackElo "2426"]
[Annotator "Rogozenco,D"]
[PlyCount "175"]
[EventDate "2000.06.03"]
[EventType "swiss"]
[EventRounds "11"]
[EventCountry "RUS"]
[SourceTitle "CBM 078"]
[Source "ChessBase"]
[SourceDate "2000.10.18"]
[SourceVersion "1"]
[SourceVersionDate "2000.10.18"]
[SourceQuality "1"]

1. e4 c5 2. Nf3 Nc6 3. d4 cxd4 4. Nxd4 Nf6 5. Nc3 e5 6. Ndb5 d6 7. Bg5 a6 8.
Na3 b5 9. Bxf6 gxf6 10. Nd5 f5 11. Bd3 Be6 12. Qh5 Rg8 13. g3 Rg5 14. Qd1 Bxd5
15. exd5 Ne7 16. c3 e4 (16... Qc7 17. Nc2 e4 18. Be2 f4 19. Qd2 Re5 20. Qxf4 (
20. gxf4 Bh6 $132) 20... Nxd5 21. Qd2 $14) (16... Qb6 $5 {This looks better
than the game.}) 17. f4 $1 (17. Be2 Qb6 18. f4 exf3 19. Bxf3 f4 $132) 17... Rg6
(17... Rg8 18. Be2 Qb6 19. Nc2 Bg7 20. Qd2 Bf6 21. a3 Kf8 $13 {1-0 Bezgodov,
A-Tolstikh,N/Samara 2000 (80)}) 18. Be2 Qb6 19. Qd2 (19. Nc2 $14) 19... b4 {
Using the temporary discomfort of white pieces, Black starts a concrete play
and gets some activity. However, this will be a temporary activity and after
consolidation White will keep his advantage.} (19... Qc5 $142 20. Rd1 Bg7 21.
Nc2 a5 22. a3 Rb8 $13 {/+/=.}) 20. cxb4 e3 21. Qc2 (21. Qc3 Nxd5 22. Nc4 Qc6
23. Bf3 Rc8 $13 24. Qb3 $140 Qxc4 25. Bxd5 Qxb3 26. axb3 Rc2 $1 $132) 21...
Qxb4+ (21... Nxd5 $2 22. Bf3 Qxb4+ 23. Ke2 $18) 22. Kf1 $14 {[%csl Rg6]} Bg7 (
22... Qe4 $6 23. Qxe4 fxe4 24. Rd1 (24. Bc4 Bg7 25. Rb1 Bd4 26. Nc2 Bb6 27. Ke2
Nf5 $11) 24... Bg7 25. Nc4 Rb8 26. b3 $16) (22... Nxd5 $4 23. Qc6+ $18) (22...
Rc8 23. Nc4 (23. Qb3 $2 Qe4 24. Rg1 Nxd5 25. Qb7 Rc5 26. Qxa6 $2 Nxf4 $1 $19)
23... Bg7 24. Rd1 {-game}) 23. Nc4 Rc8 (23... Bd4 24. Rd1 Ba7 25. a3 $16) 24.
Rd1 Kf8 25. Qd3 {White wins e3 and the awkward position of the Rook on g6 will
play a major role after a while: is easier for White to bring his forces into
play.} Rc5 26. Nxe3 Bxb2 27. Bf3 $6 (27. Kf2 Rc3 28. Qd4 $1 (28. Qxa6 $2 Rxe3
$1 29. Qa8+ (29. Kxe3 Nxd5+ $1 $17) 29... Kg7 30. Kxe3 Qe4+ $36) 28... Qxd4 29.
Rxd4 $16) (27. Rb1 $2 Rc3 28. Qd2 Qe4 $1 29. Kf2 Rxe3 $17) 27... Rc3 $13 28.
Qe2 Qa3 29. Kf2 Bc1 {Suddenly White is forced to give away the exchange, but
even after that the position remains unclear.} 30. Rxc1 Rxc1 31. Rxc1 Qxc1 32.
Qxa6 $44 Qd2+ 33. Qe2 Qd4 34. Qc4 Qa7 35. Qb3 Rg8 36. Kg2 Qd4 37. Nd1 Ng6 38.
Kf1 Nxf4 39. gxf4 Rg1+ 40. Ke2 Qxf4 41. Ne3 Qxh2+ 42. Kd3 Qf4 43. Qb8+ Kg7 44.
Qb2+ Kg6 45. Qf2 Rg3 46. Ke2 Qe5 47. Kf1 h5 48. Ng2 Kg5 49. a4 h4 50. Ne1 Qf4
51. a5 Qc1 52. a6 f4 53. Qe2 Kf6 54. a7 Qa1 55. Qe4 Qa6+ 56. Be2 Qxa7 57. Qxf4+
Kg7 58. Nf3 Qa1+ 59. Kf2 Qh1 60. Bf1 Rg6 61. Nxh4 Qg1+ 62. Ke1 Rg4 63. Nf5+ Kf6
64. Qf3 Ke5 65. Ne3 Rf4 66. Qe2 Qg3+ 67. Kd2 Kf6 68. Qd3 Qh4 69. Kc2 Rf2+ 70.
Be2 Kg5 71. Kd1 f5 72. Qc3 Qh7 73. Nf1 f4 74. Ke1 Rg2 75. Qf3 Qb1+ 76. Kd2 Qb2+
77. Kd1 Qd4+ 78. Ke1 Qg1 79. Qh5+ Kf6 80. Qh8+ Rg7 81. Qh6+ Ke5 82. Qe6+ Kd4
83. Qxd6 Qg5 84. Nd2 Qh4+ 85. Kd1 Rg1+ 86. Nf1 Qg5 87. Qb6+ Kxd5 88. Qb5+
1/2-1/2

[Event "EU-Cup 21st"]
[Site "Saint Vincent"]
[Date "2005.09.18"]
[Round "1.1"]
[White "Ivanchuk, Vassily"]
[Black "Johannessen, Leif Erlend"]
[Result "1-0"]
[WhiteElo "2752"]
[BlackElo "2543"]
[Annotator "Rogozenco,D"]
[PlyCount "77"]
[EventDate "2005.09.18"]
[EventType "team-swiss"]
[EventRounds "7"]
[EventCountry "ITA"]
[SourceTitle "CBM 110"]
[Source "ChessBase"]
[SourceDate "2006.01.31"]
[SourceVersion "1"]
[SourceVersionDate "2006.01.31"]
[SourceQuality "1"]
[WhiteTeam "Warsaw Polonia"]
[BlackTeam "Oslo"]
[WhiteTeamCountry "POL"]
[BlackTeamCountry "NOR"]

1. e4 c5 2. Nf3 Nc6 3. d4 cxd4 4. Nxd4 Nf6 5. Nc3 e5 6. Ndb5 d6 7. Bg5 a6 8.
Na3 b5 9. Nd5 Be7 10. Bxf6 Bxf6 11. c3 Bg5 12. Nc2 O-O 13. a4 bxa4 14. Rxa4 a5
15. Bc4 Rb8 16. b3 Kh8 17. O-O f5 18. Re1 $146 {Ivanchuk succeeds to come with
a new move in a position that has been played hundreds of times.} ({Earlier
same this year he made another novelty:} 18. exf5 Bxf5 19. Qe2 (19. Nce3 Bg6
20. Be2 {or 20.Bd3 is the most common continuation.}) 19... Bg6 20. Rd1 $146
Qc8 21. Nce3 e4 22. Bb5 Ne5 23. Rxa5 Nd3 24. Rf1 Bd8 25. Ba6 Qc6 26. Ra3 $16 {
1-0 Ivanchuk,V (2711)-Kramnik,V (2754)/Monaco (rapid) 2005 (55)}) 18... fxe4
19. Rxe4 Bf5 20. Re2 Qd7 $6 {This allows White to implement his idea smoothly,
without making any pawn weaknesses on the kingside. Instead, two other moves
deserved attention and were stronger.} (20... Bg6 21. Qe1 (21. Nce3 $2 Bh5 22.
f3 e4 $17) 21... Bh5 22. f3 Ne7 $13) (20... Bg4 21. f3 Bh5 $13 22. Nce3 $140 $2
e4 $17) 21. Nce3 Bg6 22. Rea2 e4 23. Bf1 {This is a new concept in the present
theoretical line: the bishop goes to f1, the rook to the a-file and the queen
remains on d1 to protect pawn b3! White can combine targeting a5 (by means of
Nc4) with the creation of the passed pawn on the b-file.} Bd8 {This is
designed to free the knight from c6, but with the next move White makes it
look useless.} 24. b4 $1 (24. h3 Ne5 $14) (24. Nc4 Bf7 {[%csl Rd5][%cal Gd7e6]}
) 24... axb4 25. cxb4 Ne5 26. Qd4 Qe6 27. b5 Bf6 28. Nxf6 Qxf6 29. h3 {White
is better: Black's pawns are well blockaded, while the b-pawn is always a
potential danger. f2 is well protected and the other rook can always become
very active. Black must try to combine some attacking ideas with defence on
the queenside (it is important to prevent the advance of White's b-pawn.} (29.
Ra7 $4 Nf3+ $18) (29. Rd2 Qg5 30. Kh1 Nd3 {[%csl Rb5]} 31. Bxd3 exd3 32. b6 Qc5
$132) 29... Qe6 {It is difficult to find a clear plan for Black, but this only
allows White to activate his rook.} ({The ugly} 29... Bf7 30. Rd2 d5 $14 {
came into consideratiomn, since the bishop was doing nothing on the diagonal
b1-h7, while from e6 the bishop protects d5 and Black can also use it for the
attack (...Bxh3 ideas). White still needs to work before converting his edge
into a real advantage. He can't take the pawn yet:} 31. Nxd5 $2 (31. Ra6 Qg5
32. Kh1 $14) 31... Bxd5 32. Qxd5 Rfd8 33. Qa2 Nf3+ $1 34. gxf3 Qg5+ $19) 30.
Ra7 Qf6 31. Qd2 Nd3 32. b6 {Ivanchuk uses the first chance to advance his pawn.
} Qd4 $2 (32... Bf7 33. R2a5 $1 {and the b-pawn cannot be taken again:} Rxb6 $2
({Correct is} 33... Nc5 {although after} 34. Rb5 {White's advantage is obvious.
}) 34. Rf5 Qe6 35. Rfxf7 Rxf7 36. Ra8+) (32... Rxb6 $2 33. Nd5 $18) 33. b7 Qb6
34. Bxd3 exd3 35. Qb2 $16 Qc5 $2 (35... Qc7 $8 36. R2a4 $1 {Taking control
over square e4 and preparing Rc4.} d2 (36... Rfe8 37. Rc4 Qd7 (37... Qf7 38.
Rc8 Qf8 39. Rc7 $16) 38. Rc8 $1 h6 (38... d2 39. Rxb8 Rxb8 40. Qxd2 Be4 (40...
Rxb7 41. Ra8+ Be8 42. Nc4 $18) 41. Nc4 Bxb7 42. Nxd6 Rd8 43. Rxb7 (43. Nf7+ Kg8
$1) 43... Qxb7 44. Nf7+ Qxf7 45. Qxd8+ Qg8 46. Qxg8+ Kxg8 47. f4 $18) 39. Rxb8
Rxb8 40. Ra8 Qc7 41. Qb5 d2 42. Rxb8+ Qxb8 43. Qd7 $18) (36... Be8 37. Rc4 Bc6
38. Qc3 Qf7 39. Nd1 $1 (39. f3 Qe8 $1 $14 {[%csl Re3]} (39... Rxb7 40. Rxb7
Bxb7 41. Rc7 $18) (39... Bxb7 40. Rc7 $18) (39... Bxf3 40. Rc7 $1 Qg6 41. Rc8
$18)) 39... Bxg2 (39... Rxb7 40. Rxb7 Bxb7 41. Rc7 $18) 40. Kxg2 (40. Rc7 $2
Qg6) 40... Qf3+ (40... Rxb7) 41. Kh2 Qxd1 42. Rc8 {and White wins due to the
threats on the seventh rank.} Qf3 43. Qd4 d2 (43... Qf5 44. Rxb8 Rxb8 45. Ra8
$18) (43... Qf7 44. Ra8 $18) 44. Ra8 d1=Q 45. Qxd1 Qxf2+ 46. Kh1 $18) (36...
Qf7 37. Rc4 d2 38. Qxd2 Rxb7 39. Rxb7 Qxb7 40. Qxd6 $16) 37. Qxd2 Rxb7 38. Rxb7
Qxb7 39. Qxd6 $16 {With accurate and long defence Black should hold the
position.}) 36. Ra8 Be4 $2 (36... d2 37. Rxb8 Rxb8 38. Ra8 $18) (36... Qc7 37.
Rxb8 Rxb8 38. Ra8 h6 39. Qb5 $18) ({The most stubborn defence wouldn't have
changed the result:} 36... Qc6 37. R2a6 Qe4 38. Rxb8 Rxb8 39. Rxd6 Qe7 40. Qd4
$1 (40. Rb6 $2 Be4 $16) 40... Rxb7 41. Rd8+ Be8 42. Nf5 Qe6 43. Qd6 $18) 37.
Rxb8 Rxb8 38. Ra8 Qc7 39. Qb6 1-0

[Event "Merida 2nd"]
[Site "Merida"]
[Date "2001.05.21"]
[Round "5"]
[White "Anand, Viswanathan"]
[Black "Hernandez Guerrero, Gilberto Eduardo"]
[Result "1-0"]
[WhiteElo "2794"]
[BlackElo "2567"]
[Annotator "Rogozenco,D"]
[PlyCount "105"]
[EventDate "2001.05.13"]
[EventType "tourn"]
[EventRounds "6"]
[EventCountry "MEX"]
[EventCategory "18"]
[SourceTitle "CBM 084"]
[Source "ChessBase"]
[SourceDate "2001.09.13"]
[SourceVersion "1"]
[SourceVersionDate "2001.09.13"]
[SourceQuality "1"]

1. e4 c5 2. Nf3 Nc6 3. d4 cxd4 4. Nxd4 Nf6 5. Nc3 e5 6. Ndb5 d6 7. Bg5 a6 8.
Na3 b5 9. Bxf6 gxf6 10. Nd5 f5 11. c3 Bg7 12. Bd3 Be6 13. Qh5 O-O (13... b4 $5)
14. O-O f4 15. Rad1 {For information about this line look in CBM81, game 1/2-1/
2 Anand,V-Leko,P/Wijk aan Zee 2001} Kh8 (15... Rb8 {with the idea Qd7 is a
worthy alternative.}) 16. g3 Rg8 17. Kh1 Bf8 18. Be2 Rg5 19. Qf3 f5 20. gxf4
exf4 (20... fxe4 21. Qxe4 Bf5 22. Qe3 exf4 23. Nxf4 Ne5 24. Nd5 (24. f3 $5 Qf6
25. Nd5 Qg6 26. Rg1 Bh6 27. Rxg5 Bxg5 28. Qd4 Rg8 29. Rg1 Rg7 30. Rg3 Qh5 31.
Qb6 Qe8 32. Qd4 {1/2-1/2 Barua,D-Sriram,J/New Delhi IND 2001}) (24. Nc2 $5)
24... Ng4 $1 {1/2-1/2 Anand,V-Leko,P/Wijk aan Zee 2001 (34)}) 21. Nxf4 Bxa2 22.
c4 $1 $146 {Anand improves on his game against Topalov. I suspect 11.c3, 12.
Bd3, 13.Qh5-line will become more popular in the near future if Anand keeps on
playing it so insistent. The position is very complicated and requires
additional analysis. A lot of pieces and pawns are "hanging", kings are
insecure. Impossible to give a final evaluation, but I feel that White is
better thanks to his more active rook on d1, and pressure along d-file.} (22.
exf5 Rxf5 23. Qe4 Rf7 24. Bh5 Rf6 25. c4 Ne5 26. c5 $6 Rc8 27. cxd6 Bxd6 $17
28. Be2 Qf8 29. Nh5 Rxf2 30. Nc2 Nd3 {0-1 Anand,V-Topalov,V/Monaco 2001}) 22...
fxe4 $6 {Of course Black had a lot of options and very difficult to choose the
best one, but this move helps White to activate quicker his pieces. However,
the advantage of this move is that Black trades queens and in endgame Black
has better chances to escape.} (22... Qe8 23. exf5 $140 Rxf5 24. cxb5 axb5 25.
Bxb5 Rc8 $13) (22... bxc4 $2 23. Ne6 $18) (22... Ne5 23. Qe3 (23. Qc3 Rg8 24.
Ne6 (24. exf5 Qg5 $13) (24. cxb5 fxe4 $13) (24. Rg1 Rxg1+ 25. Rxg1 Qh4) 24...
Qf6) 23... Rg8 $13 24. Rg1 $5 Rxg1+ 25. Rxg1 $13) 23. Qxe4 Qe8 24. Bf3 Qxe4 25.
Bxe4 Rc8 26. Ne6 Re5 27. Bxc6 Rxc6 28. Nxf8 (28. cxb5 axb5 29. Nxf8 b4 30. Nb1
Rf5 31. Nd7 Rf7 32. Nb8 Rb6 $11) 28... b4 $1 {While the knight is on f8 Black
has time to grab some material.} 29. Nc2 (29. Nd7 Re7 30. Nc2 Bxc4 (30... Rxd7
$4 31. Nxb4) 31. Nxb4 Be2 $3 (31... Rxd7 32. Nxc6 $18) (31... Rc7 32. Nf6 Bxf1
33. Rxf1 $16) 32. Nxc6 $140 $4 (32. f4 Rc4 $11) 32... Bf3+ 33. Kg1 Rg7#) 29...
Bxc4 30. Nd4 (30. Nxb4 Rb6 31. Nd7 Rxb4 32. Nxe5 Bxf1 $11) 30... Rc8 31. Nd7
Bxf1 32. Rxf1 Re4 33. Nf5 {After more or less forced play a complicated game
arised. White's task is to find stable squares for his knights and prevent
Black's counterplay.} Rf4 (33... Re2 $142 34. Nxd6 Rcc2) 34. Ne3 Rd8 $6 (34...
Re8) 35. Nd5 Rf3 36. N7b6 a5 37. Ne3 Re8 $6 {This looks like a loss of time.} (
37... Rb8 $5 {Black must create some counterplay.} 38. Nbc4 a4 39. Nxd6 a3) 38.
Kg2 Rf6 39. Rd1 Rg8+ {The rook moves 34. ... Rd8, 37. ... Re8 and 39. ... Rg8
are definetely not the best way. Probably Hernandez was in time trouble after
a very complicated tactical play.} 40. Kf1 Rgf8 41. Rd2 Rh6 42. Nec4 $16 {
Now White stabilized the position and has a big advantage.} Rxh2 43. Nxa5 Rh1+
44. Kg2 Rh5 45. Nac4 Rg8+ 46. Kf1 Rh1+ 47. Ke2 h5 48. Rxd6 h4 {h-pawn is not
dangerous and the whole Black's idea in endgame was wrong.} 49. Ne3 $18 Rg5 (
49... h3 50. Rh6+ Kg7 51. Nf5+ Kf7 52. Nc4 $18) 50. Nbc4 h3 51. Rh6+ Kg7 52.
Rh4 Kg6 53. f4 1-0

[Event "EU-ch 4th"]
[Site "Istanbul"]
[Date "2003.06.10"]
[Round "10"]
[White "Najer, Evgeniy"]
[Black "Ivanchuk, Vassily"]
[Result "0-1"]
[WhiteElo "2606"]
[BlackElo "2704"]
[Annotator "Rogozenco,D"]
[PlyCount "76"]
[EventDate "2003.05.30"]
[EventType "swiss"]
[EventRounds "13"]
[EventCountry "TUR"]
[SourceTitle "CBM 096"]
[Source "ChessBase"]
[SourceDate "2003.09.25"]
[SourceVersion "1"]
[SourceVersionDate "2003.09.25"]
[SourceQuality "1"]

1. Nf3 c5 2. e4 Nc6 3. d4 cxd4 4. Nxd4 Nf6 5. Nc3 e5 6. Ndb5 d6 7. Bg5 a6 8.
Na3 b5 9. Bxf6 gxf6 10. Nd5 f5 11. Bd3 Be6 12. O-O Bxd5 13. exd5 Ne7 14. c4 {
A move which gained some popularity lately thanks to Leko's games. But as
usual in Sveshnikov Sicilian when White picks up an old variation it may work
out in few games, until Black finds most accurate way to neutralize White's
ideas.} Bg7 {This is somewhat more flexible than the immediate 14...e4.} 15.
Qd2 bxc4 $5 16. Nxc4 O-O {Black delays the advance e5-e4, waiting first to see
White's intentions. This approach was first used by Krasenkow.} 17. a4 $6 {
White's idea might have been something like a5, then Nb6 and after that push
the b-pawn. But of course he'll have no time for that slow plan, being forced
to play more in the center and on the kingside, where Black will organize
counterplay. Another idea of 17.a4 might be to prevent the typical maneuver
Ra8-b8-b5, but as mentioned above, Black has lots of resources without it as
well.} (17. Rad1 $142) 17... e4 {Time to start creating initiative on the
kingside.} 18. Be2 Ng6 19. f4 (19. Kh1 f4 $36) 19... exf3 20. Rxf3 f4 21. Kh1
Qc7 22. Raf1 {White obviously connects his hopes with the f-file. As we'll see,
this plan has a major drawback, since Black can keep the f-file closed even if
White will play g2-g3 later.} (22. Rc1 Rac8 23. Rff1 $13) 22... Rae8 23. Bd3 (
23. a5 Re4 24. Nb6 Bd4 $5 {[%cal Gd4e3,Gf7f5,Yg6e5]}) 23... f5 $1 {This leads
to a more complicated battle than 23...Qc5, which would have given White the
possibility to enter an endgame. The game continuation is logical - it keeps
the diagonal b1-h7 closed and thus it forces White to justify the plan with
Rf3 and Raf1 by playing the doubtful g2-g3.} (23... Qc5 24. Qa5 (24. b4 Qxd5
25. Bxg6 Qxd2 26. Bxh7+ Kxh7 27. Nxd2 Re2 $15) (24. Bxg6 $5 fxg6 25. b3 Rf5 $13
) 24... Qxa5 25. Nxa5 Ne5 26. Rh3 Nxd3 27. Rxd3 Bxb2 28. Rdf3 $11 Be5 $140 29.
Nc6 $44) 24. g3 $6 {A logical follow-up of White's previous play, but in fact
it only weakens White's kingside and the diagonal a8-h1. The point is that
Black is not forced to take on g3 and open the f-file for white rooks, but
instead can combine attack on pawn d5 with activity on e- and g-files.} (24. b4
Rf6 $13 {[%cal Gg6e5] Better than the immediate 24...Ne5.} (24... Re4 {is less
convincing due to} 25. Na5 $1 ({but not} 25. Bxe4 $2 fxe4 $19 {[%csl Rc4,Rf3]})
) (24... Ne5 25. Nxe5 (25. Rxf4 Bh6) 25... dxe5 26. Bxa6 Rf6 $44)) (24. Qb4 Rf6
$13 (24... Re4 $5 {Interesting, although not necessary} 25. Bxe4 fxe4 26. Rb3
e3 $5 $44)) 24... Qc5 (24... fxg3 25. hxg3 {[%csl Rf5] would obviously make
White happy - all his pieces suddenly got a job.}) 25. Qf2 {Probably White
expected 25...Qxd5, hoping to neutralize Black's pressure by sacrificing a
pawn.} (25. gxf4 $2 Nh4 26. Rg3 Qxd5+ 27. Kg1 Kh8 $19 {/\ 28...Bd4}) (25. Qg2
$5) 25... Bd4 $5 {pointing out the drawback of 25.Qf2.} (25... Qxd5 {wins a
pawn, but it would have allowed White to activate his pieces, especially
annoying would be the transfer of the bishop to d5:} 26. Nb6 Qb7 27. Bc4+ Kh8
28. Bd5 fxg3 29. Rxg3 $5 (29. hxg3 Qc7 30. a5 Re5) 29... Qe7 {Black is also
better here, but apparently Ivanchuk didn't want to give up the initiative
even temporary.}) 26. Qg2 ({After} 26. Qc2 {Black plays the same} Kh8 {
threatening ...Qxd5. White is in trouble to find an useful move at all.}) 26...
Kh8 27. h4 {Forced. White needs square h2 for the king.} (27. gxf4 Nh4 $19)
27... Rg8 28. Qh3 Ref8 29. gxf4 $2 ({White had more chances to survive after} 
29. h5 {For instance:} Ne5 30. Nxe5 dxe5 31. Bxf5 fxg3 32. Rxg3 Qxd5+ 33. Qg2
Qf7 34. Rxg8+ Rxg8 35. Qf3 {and with accurate play White must be able to make
a draw.}) 29... Qxd5 30. Kh2 (30. h5 Nxf4 $19) 30... Bf6 31. Qxf5 {The desire
to swap queens is understandable, but White loses material.} (31. h5 Nh4 32.
R3f2 Rb8 $17 {[%cal Gb8b3] the position is practically impossible to defend in
a practical game.}) 31... Qxf5 32. Bxf5 Nxh4 33. Be6 Nxf3+ 34. Rxf3 Rg7 $19 35.
b4 (35. Nxd6 Bxb2 $19) 35... Be5 36. fxe5 {White's hopes to create any
counterplay with the passed d-pawn are unrealistic because of the king. Black
wins easily using mating motifs.} (36. Nxe5 dxe5 37. f5 Rf6 {is hopeless as
well, of course.}) 36... Rxf3 37. exd6 Rf2+ 38. Kh1 ({or} 38. Kh3 Rf6 39. Bg4
Rh6+ 40. Kg3 Rhg6 41. Ne5 Rxd6 $19) 38... Rf4 {[%cal Gf4h4]} 0-1

[Event "EU-ch 4th"]
[Site "Istanbul"]
[Date "2003.06.12"]
[Round "12"]
[White "Kulaots, Kaido"]
[Black "Gagunashvili, Merab"]
[Result "1/2-1/2"]
[WhiteElo "2514"]
[BlackElo "2580"]
[Annotator "Rogozenco,D"]
[PlyCount "49"]
[EventDate "2003.05.30"]
[EventType "swiss"]
[EventRounds "13"]
[EventCountry "TUR"]
[SourceTitle "CBM 096"]
[Source "ChessBase"]
[SourceDate "2003.09.25"]
[SourceVersion "1"]
[SourceVersionDate "2003.09.25"]
[SourceQuality "1"]

1. e4 c5 2. Nf3 Nc6 3. d4 cxd4 4. Nxd4 Nf6 5. Nc3 e5 6. Ndb5 d6 7. Bg5 a6 8.
Na3 b5 9. Bxf6 gxf6 10. Nd5 f5 11. Bd3 Be6 12. Qh5 Bg7 {Nowadays there are new
developments in 12...Rg8, mainly ideas for White. As a result the old 12...Bg7
comes back into practice more and more often.} 13. O-O f4 14. c4 bxc4 15. Bxc4
O-O 16. Rac1 Rb8 17. b3 Qd7 ({The continuation} 17... Qa5 {was seriously
questioned by the game Lutz-Babula, in which White missed a forced win:} 18.
Nc2 Qxa2 19. Ncb4 Nxb4 20. Ne7+ Kh8 21. Bxe6 fxe6 (21... Rb7 22. Bf5 h6 23.
Ng6+ fxg6 24. Qxg6 Kg8 25. Rc3 Qa5 26. Rfc1 Na2 27. Rc8 Nxc1 28. Be6+ {1-0
Khruschiov,A-Yagupov,I/Tula 2001}) 22. Ng6+ Kg8 23. Nxf8 Rxf8 24. Rc7 Kh8 {
1/2-1/2 Lutz,C-Babula,V/Germany 1999 (31). Here, as rightly pointed out by
Babula, White could win after 25.Qg4!}) 18. Rfd1 $1 {Ignoring "the threat" 18..
.Bg4.} (18. h3 {is less precise, since usually White can manage without
spending time for it.} Kh8 19. Rfd1 Nd4 20. Nc2 Nxc2 21. Rxc2 f5 $132) 18...
Nd4 (18... Kh8 19. Qh4 $1 $16) 19. Nc2 {again the most logical, trading off
Black's most active piece.} Nxc2 20. Rxc2 Kh8 (20... f5 $2 21. exf5 Bxd5 (21...
Rxf5 22. Ne7+ Qxe7 23. Qxf5 Bxc4 24. Rxc4 Rd8 25. Rdc1 Qf6 26. Qxf6 Bxf6 27.
Rc8 {1-0 Gilles,R-Dicks,S/IECG Email 1999)}) 22. Bxd5+ Kh8 23. Be6 Qa7 24. Rxd6
$18 {1-0 Justnes,A-Jelen,I/Sas van Gent 1990}) 21. Bxa6 $6 {This forces a draw.
Instead White could have played a better position with minimum risks.} (21. Qh4
$1 Bxd5 {other continuations are worse} (21... f5 22. Ne7 fxe4 (22... Bxc4 23.
Ng6+ Kg8 24. Nxf8 $16 {/+-}) 23. Ng6+ Kg8 24. Nxf8 Rxf8 25. Qg4 $1 Re8 26.
Bxe6+ Rxe6 27. Rdc1 $18) (21... Bg4 $2 22. Nf6 $18) 22. Bxd5 $16 {and due to
the difference between the bishops Black will have to fight hard for a draw.})
(21. Rd3 Bg4 22. Qh4 f5 23. f3 fxe4 24. fxe4 {is just slightly better for
White.}) 21... Bg4 22. Qh4 Bxd1 23. Nf6 Bxf6 24. Qxf6+ Kg8 25. Qg5+ 1/2-1/2